Educación superior integración y desarrollo sostenible

محفوظ في:
التفاصيل البيبلوغرافية
مؤلف مشترك: CSUCA
التنسيق: نص
منشور في: San José: CSUCA
الوسوم: إضافة وسم
لا توجد وسوم, كن أول من يضع وسما على هذه التسجيلة!

MARC

LEADER 00000 a a2200000 04500
001 22821
003
040
090 |a 157101  
110 |a CSUCA  
245 |a Educación superior integración y desarrollo sostenible  
260 |a San José:   |b CSUCA  
300 |a 13 p.  
999 |c 4226  |d 4226